Πρόταση επανασχεδίασης συστήματος μεταφοράς υγρών καυσίμων : επανασχεδιαστική προσέγγιση εκφόρτωσης υγρών καυσίμων από διαμερίσματα βυτιοφόρου οχήματος σε υπόγειες δεξαμενές πρατηρίου διακίνησης καυσίμων : διπλωματική εργασία
Επανασχεδιαστική προσέγγιση εκφόρτωσης υγρών καυσίμων από διαμερίσματα βυτιοφόρου οχήματος, σε υπόγειες δεξαμενές πρατηρίου διακίνησης καυσίμων
Saved in:
| Main Author: | |
|---|---|
| Corporate Author: | |
| Other Authors: | |
| Format: | Thesis Book |
| Language: | Greek |
| Published: |
2008
|
| Subjects: | |
| Online Access: | http://hdl.handle.net/11610/9222 |
| Tags: |
Add Tag
No Tags, Be the first to tag this record!
|
MARC
| LEADER | 00000cam a2200000 i 4500 | ||
|---|---|---|---|
| 001 | 1/89301 | ||
| 008 | 080620s2008 gre d | ||
| 035 | |l 10098335 | ||
| 040 | |a GR-MY-UA |b gre |e aacr | ||
| 041 | 0 | |a gre | |
| 082 | 0 | |a 665.54 |2 (22) | |
| 100 | 1 | |a Βάρφης, Ευάγγελος. | |
| 245 | 1 | 0 | |a Πρόταση επανασχεδίασης συστήματος μεταφοράς υγρών καυσίμων : |b επανασχεδιαστική προσέγγιση εκφόρτωσης υγρών καυσίμων από διαμερίσματα βυτιοφόρου οχήματος σε υπόγειες δεξαμενές πρατηρίου διακίνησης καυσίμων : διπλωματική εργασία / |c Βάρφης Ευάγγελος ; επιβλέπων διπλωματικής: Παπαδόπουλος Δάνος |
| 260 | |c 2008 | ||
| 300 | |a 170 φύλλα; |b εικ.; |c 30 εκ. | ||
| 500 | |a Διάθεση πλήρους κειμένου | ||
| 500 | |a Περιορισμός στην πρόσβαση του ηλεκτρονικού τεκμηρίου (μόνο από μέλη του Πανεπιστημίου) | ||
| 502 | |a Πτυχιακή εργασία – Πανεπιστήμιο Αιγαίου, Σύρος, 2008. | ||
| 504 | |a Βιβλιογραφία: σ. 146-154 | ||
| 520 | |a Επανασχεδιαστική προσέγγιση εκφόρτωσης υγρών καυσίμων από διαμερίσματα βυτιοφόρου οχήματος, σε υπόγειες δεξαμενές πρατηρίου διακίνησης καυσίμων | ||
| 650 | 0 | 0 | |a Gasoline |x Transprotation. |
| 650 | 0 | 0 | |a Loading and unloading. |
| 650 | 0 | 0 | |a Truck drivers |x Safety measures. |
| 650 | 0 | 0 | |a Human engineering. |
| 650 | 0 | 0 | |a Dissertations, Academic |z Greece. |
| 700 | 1 | |a Παπαδόπουλος, Δάνος. |4 ths | |
| 710 | 2 | |a Πανεπιστήμιο Αιγαίου. |b Τμήμα Μηχανικών Σχεδίασης Προϊόντων και Συστημάτων. | |
| 852 | |a INST |b SYROS |c DIATR |e 20080620 |h 665.54 ΒΑΡ |p 005500005795 |q 005500005795 |t DIE |y 23 | ||
| 852 | |a INST |b SYROS |c DIATR |e 20080620 |h 665.54 ΒΑΡ |p 005500005796 |q 005500005796 |t DIE |y 23 | ||
| 856 | |u http://hdl.handle.net/11610/9222 | ||
| 901 | |a BIBL5-2008-2 | ||
| 909 | |a Ε |b 133761 | ||
| 909 | |a Ε |b 133762 | ||
| 924 | |a ΒΑΡΦΗΣ |b ΕΥΑΓΓΕΛΟΣ |y ΣΥΡΟΣ |z 2008-03 | ||
| 970 | |a ΚΟΝΤΟΥ |b ΠΑΡΑΣΚΕΥΗ |z 2008/06/20 | ||